| 000 | 01417cam a2200373 a 4500 | ||
|---|---|---|---|
| 003 | CHAP | ||
| 005 | 20220817043916.0 | ||
| 008 | 030922d2001 ca r 10100 eng d | ||
| 010 | _a87719 | ||
| 011 | _a88691 | ||
| 020 | _a0889369588 | ||
| 035 | _a99236 | ||
| 040 | _cCHAP | ||
| 082 | 0 | 4 |
_a333.953 _bI5 |
| 110 | 0 | 0 | _aCentro Internacional de Investigaciones para el Desarrollo. |
| 245 | 1 | 0 |
_aSeeding solutions _c/by International Development Research Centre |
| 260 |
_aOttawa, Can. : _bIDRC.. _c2001. |
||
| 300 | _a243 p. | ||
| 500 | _aLa biblioteca tiene ; v.1 Policy options for genetic resources: people, plants and patents revisited. -- v. 2 | ||
| 590 |
_aBATCH-UPD _b10 _c20130109 _lUCH01 _h2331 |
||
| 590 |
_aBATCH-UPD _b10 _c20130110 _lUCH01 _h0739 |
||
| 590 |
_aBATCH-UPD _b10 _c20130410 _lUCH01 _h0421 |
||
| 590 |
_aBATCH-UPD _b10 _c20130914 _lUCH01 _h1542 |
||
| 590 |
_aCONVERSION _b10 _c20130109 _lUCH01 _h1349 |
||
| 650 | 1 | 4 |
_aGermoplasma. _947766 |
| 650 | 1 | 4 |
_aRecursos genéticos _xConservación. _995081 |
| 650 | 1 | 4 |
_aRecursos vegetales _xConservación. _995338 |
| 790 | 0 | _aOptions for national laws governing control over genetic resources and biological innovations | |
| 901 | _aBK | ||
| 905 | _aMayto Villalobos S. | ||
| 942 | _cLIBRO | ||
| 949 |
_a333.953 I5 _bBC _cLIBRO _d33724000899027 _eLIBRO _h103685 _i99236 _sb |
||
| 949 |
_a333.953 I5 _bBC _cLIBRO _d33724000954525 _eLIBRO _fv.1 _h105507 _i99236 _sb |
||
| 999 |
_c87719 _d87719 |
||